000
00335nam a2200145Ia 4500
008
191201s2012 xx 000 0 und d
082
_a
671.5
_b
SHM
100
_a
SHAW, Milton C
245
0
_a
Metal Cutting Principles
250
_a
Rep
260
_a
N. Delhi
_b
Oxford
_c
2012
300
_a
651
650
_a
B.Tech(ME)
942
_2
ddc
_c
BK
999
_c
5439
_d
5439